| 000 | 00620nam a22002057a 4500 | ||
|---|---|---|---|
| 999 |
_c6528 _d6528 |
||
| 003 | OSt | ||
| 005 | 20200129155211.0 | ||
| 008 | 200129b ||||| |||| 00| 0 eng d | ||
| 020 | _a9780750686563 | ||
| 040 | _cDDC | ||
| 082 | _a658 JES 2008 | ||
| 100 |
_aJeston, John; Nelis, Johan _913414 |
||
| 245 | _aBusiness Process Management:practical guidelines to successful implementation | ||
| 250 | _a2nd ed. | ||
| 260 |
_aAmsterdam; _bElsevier, _c2008 |
||
| 300 |
_axxii,467p; _bIll: _c25cm |
||
| 504 | _aAppendices, references & bibliography, index included | ||
| 650 |
_aBusiness management _96027 |
||
| 942 |
_2z _cO_SHELF |
||